000 00729nam a2200253Ia 4500
003 OSt
005 20220927105333.0
006 a|||||r|||| 00| 0
007 ta
008 220926b |||||||| |||| 00| 0 eng d
024 _a192053
037 _cReference Collections
040 _aRTL
_cRTL
_beng
041 _2eng
_aeng
082 _a"X:(G:55):(L:5).2, P0/UN"
100 _aHUGHES Gordon
_9371775
110 _aWORLD BANK
245 0 _aEnvironmental health in India
_b Priorities in Andhra Pradesh
260 _aWashington
_bWorld bank
_c2000
300 _a85p
_ccm.
700 _aWORLD BANK
942 _h"X:(G:55):(L:5).2, P0/UN"
_cCC
999 _c691939
_d691939